00800 a2200385 4500000002100000001000700021005001700028008004100045010000500086020000500091082001600096100002700112110000500139245007900144250000500223260003200228300001000260490000700270500000500277600000500282610000500287611000500292630003500297650000500332651000500337654000500342700002400347710000900371711000500380720000500385730000500390740000500395752000500400856000900405BKB 14080320200902164245.0  a a a006.3bH39C1 aHentenryck, Pascal Van a1 aConstraint based local searchcby Pascal Van Hentenryck and Laurent Michel a aLondonbThe Mit Pressc2005 a422p. av a a a a aComputer Science & Engineering a a a aMichel, Laurentbc abc a a a a a adf